000 00374 a2200145 4500
001 154019
040 _cEscola São Tomás de Aquino
100 _aHAGUETTE, André
240 1 0 _aUm Paradigma para a Escola do Século XXI!?...
_lpor
245 1 0 _aUm Paradigma para a Escola do Século XXI!?...
300 _a109
362 0 _a2002
697 _aEducação
942 _cBK
999 _c154019
_d154019